Fouilles d'al Foustât : publiées les auspices du Comité de conservation des monuments de l'art arabe /
محفوظ في:
المؤلف الرئيسي:
مؤلفون مشاركون: ,
مؤلفون آخرون:
التنسيق: كتاب
اللغة: French
منشور في:
Paris :
E. de Boccard,
1921.
الموضوعات:
الوسوم: إضافة وسم
لا توجد وسوم, كن أول من يضع وسما على هذه التسجيلة!
رقم الطلب: ( R )( F )DT150.5 .F87 H33 1921
| LEADER | 01070nam a2200253Ia 4500 | ||
|---|---|---|---|
| 003 | OSt | ||
| 005 | 20240730072424.0 | ||
| 008 | 791031s1921 fr abef 000 0 fre d | ||
| 952 | |0 0 |1 0 |2 lcc |4 0 |7 1 |9 43959 |a ARCE |b ARCE |d 2022-11-24 |l 0 |o ( R )( F )DT150.5 .F87 H33 1921 |p 1035543 |r 2022-11-24 00:00:00 |w 2022-11-24 |y BK | ||
| 999 | |c 50416 |d 50416 | ||
| 040 | |c ARCE Library | ||
| 050 | 4 | |a ( R )( F )DT150.5 .F87 H33 1921 | |
| 100 | 1 | |a Bahgat, Aly. | |
| 245 | 1 | 0 | |a Fouilles d'al Foustât : |b publiées les auspices du Comité de conservation des monuments de l'art arabe / |c par Aly Bahgat bey et Albert Gabriel. |
| 264 | 1 | |a Paris : |b E. de Boccard, |c 1921. | |
| 300 | |a viii, 128 p. : |b illus. and atlas of XXXII pl. (1 double) double plan ; |c 38 cm. | ||
| 500 | |a At head of title: Musée de l'art arabe du Caire. | ||
| 650 | 0 | |a Art objects, Egyptian. | |
| 651 | 0 | |a Fusṭāṭ (Cairo, Egypt) | |
| 700 | 1 | |a Gabriel, Albert. | |
| 710 | 2 | |a Matḥaf al-Fann al-Islāmī (Cairo, Egypt) | |
| 710 | 2 | |a Lajnat Ḥifẓ al-Āthār al-ʻArabīyah (Egypt) | |
| 901 | |a reviewed | ||
| 942 | |2 lcc |c BK | ||
